000 00625nam a2200253Ia 4500
003 OSt
005 20221007094802.0
006 a|||||r|||| 00| 0
007 ta
008 221006b |||||||| |||| 00| 0 eng d
024 _a47
037 _cTextual
040 _aLCO
_cLCO
_beng
041 _2eng
_aeng
082 _aZ(Q7), M6
100 _aMahmood Tahir
245 0 _aPersonal Laws in Crisis
250 _a1st.
260 _aNew
_bDelhi Metropolitan INDIA
_c1986
300 _a168
650 _aPERSONAL LAW
_9700587
942 _hZ(Q7), M6
_cTEXL
999 _c1169610
_d1169610